Estatísticas para Franquias da Major League Soccer em 2018

Clique aqui para jogar o quiz

Estatísticas Gerais

  • Esse quiz foi jogado 22 vezes
  • A pontuação média é 17 de 23

Estatísticas das Respostas

Cidade, EstadoEstádioConferênciaFranquia% Correto
Harrison, NJRed Bull ArenaLesteNew York Red Bulls
100%
Carson, CAStubHub CenterOesteLos Angeles Galaxy
94%
San José, CAAvaya StadiumOesteSan José Earthquakes
94%
Orlando, FLOrlando City StadiumLesteOrlando City
94%
Toronto, ON - CANBMO FieldLesteToronto
89%
Seattle, WACenturyLink FieldOesteSeattle Sounders
89%
Nova York, NYYankee StadiumLesteNew York City
83%
Columbus, OHMapfre StadiumLesteColumbus Crew
83%
Dallas, TXToyota StadiumOesteFC Dallas
83%
Houston, TXBBVA Compass StadiumOesteHouston Dynamo
83%
Portland, ORProvidence ParkOestePortland Timbers
83%
Atlanta, GAMercedes-Benz StadiumLesteAtlanta United
78%
Vancouver, BC - CANBC PlaceOesteVancouver Whitecaps
78%
Montreal, QC - CANSaputo StadiumLesteMontreal Impact
78%
Los Angeles, CABanc of California StadiumOesteLAFC
72%
Kansas City, MOChildren's Mercy ParkOesteSporting Kansas City
72%
Washington, D.C.RFK StadiumLesteD.C. United
67%
Bridgeview, ILToyota ParkLesteChicago Fire
56%
Minneapolis, MNTFC Bank StadiumOesteMinnesota United
44%
Sandy, UTRio Tinto StadiumOesteReal Salt Lake
39%
Foxborough, MAGillette StadiumLesteNew England Revolution
39%
Commerce City, CODick's Sporting Goods ParkOesteColorado Rapids
33%
Chester, PATalen Energy StadiumLestePhiladelphia Union
22%

Distribuição das Pontuações

Percentil de Números Respondidos

Porcentagem de Pessoas com Cada Pontuação

Sua Pontuação Histórica

Você não jogou esse quiz